00425pab a2200157 454500008004000000100002400040245004100064260000900105300001100114362001000125650003600135650002600171650003400197650002600231773001000257180718b2002 xxu||||| |||| 00| 0 eng d aThiruvengadam, A.T. aDecline of basics of good governance c2002 ap.M-2. a5 Mar aIndia - Politics and government aCivil service - India aPublic administration - India aPublic administration aHindu